00825 2200289 4500001002100000005001500021035002000036007000300056008004100059020002200100040002200122082001400144084001600158090002200174100002000196245004600216250003200262300003800294650003900332850001200371264003400383336002100417337003000438338002300468999002200491990002200513INLIS00000000086473320210916113957 a0010-0921000483ta210916s2021 yoia b ind d a978-623-7212-81-2 aYOPDYOGbinderda04223a372.6 a372.6 SUA e aCB-D.11 2021-10510 aSuardiepenulis10aEnglish for children (book 3-4) /cSuardi aCetakan pertama: Maret 2021 avi, 153 halaman :btabel ;c25 cm 4aBahasa Inggris--xPendidikan dasar aYOPDYOG31aBantul :bLintas Nalar,c2021 2rdacontentateks 2rdamediaatanpa perantara 2rdacarrieravolume aCB-D.11/2021-1051 aCB-D.11/2021-1051